Advertising

Bibliographic Details
Main Author: Jefkins, Frank
Format: Book
Published: London : Bitman Publishing , 1991
Series:The M & E handbook series
Subjects:

MARC

LEADER 00000cam a2200000 7i4500
001 0000004137
002 000004450
005 20000330.0
020 |a 0712108386 
090 0 0 |a 659.1   |b JEF 
100 1 |a Jefkins, Frank 
245 1 0 |a Advertising   |c Frank Jefkins 
260 |a London :   |b Bitman Publishing ,   |c 1991 
300 |a 338p. ;   |c 19. 
490 0 |a The M & E handbook series 
650 0 0 |a Advertising 
999 |a 033436   |b BUKU   |c PINJAMAN   |e PERPUSTAKAAN KOMUNITI PETALING JAYA